| 000 | 00433 a2200145 4500 | ||
|---|---|---|---|
| 082 | _a297.124 | ||
| 090 |
_c6604 _d6604 |
||
| 100 | _aMirza Abu'L-Fadl | ||
| 245 |
_aMuhammad in the Hadees. _bSaying of the Prophet Muhammad. _cMirza Abu'L-Fadl. |
||
| 250 | _a1st. | ||
| 260 |
_aPakistan. _bNational Hijra Centenary Celebrations Committee,Pakistan. _c2012. |
||
| 300 | _a247p. | ||
| 500 | _aPaper cover | ||
| 942 |
_aNBS _cBK _k297.124 FAD |
||
| 999 |
_c348962 _d348962 |
||